Score 0/25 Timer 10:00
0 Plays Today
Hint Answer % Correct
According to Jerry, why did Tim Whatley convery to Judaism?For the jokes
84.5%
Jerry is caught making out while watching what movie?Schindler's List
81.4%
What was the name of Kramer's rooster?Little Jerry Seinfeld
80.7%
What does Jerry guess is his girlfriend's name when he doesnt know it?Mulva
80.5%
How did Sophie, Jerry's girlfriend, claim she get gonorrhea?From a tractor seat
72.7%
According to George, what is America's number 1 condiment?Salsa
68.6%
Which state is the Miss America contest Jerry dates from?Rhode Island
66.2%
What book was Jerry accused of stealing?Tropic of Cancer
65.8%
According to a lie detector test, what show does Jerry watch?Melrose Place
65.5%
What was the name of Mr. Lipman's muffin store?Top of the Muffin to You!
65.4%
What was the name of the library investigator?Mr. Bookman
65.3%
What was the name of the New York street gang with a secret sign?The Van Buren Boys
63.9%
Elaine's boyfriend' nickname as the mascot of an electronics store was what?The Wiz
60.3%
Hint Answer % Correct
What balloon does Jerry pop while at Tim Whatley's party?Woody Woodpecker
57.6%
What was the name of Kramer's handsome cap horse?Rusty
55.5%
According to George, what is better than conjugal sex?Fugitive sex
46.8%
Which candy bar of Newman's caused Jerry's apartment to get fleas?Chunky
39.5%
According to Jerry and Kramer, what nationality is the last name Gack?Dutch
39.3%
What was the name of the Riverside Park serial killer?The Lopper
37.3%
According to Tony the mechanic, what percent of all turns are right turns?51%
36.6%
What textbook does George get on tape?Risk Management
34.5%
Where does Hal Kitzmiller purchase Elaine's mattress from?The Lumbar Yard
31.8%
How did Gary Fogel die?A car accident
28.8%
What toy did Jerry have as a kid instead of GI Joe?Army Pete
23.2%
Bette Midler told Kramer she would be unpleasant if she didn't get thisA black and white cookie
16.9%

You're not logged in!

Compare scores with friends on all Sporcle quizzes.
OR
Log In

Sporcle TV

Today on Sporcle TV


Watch our educational content, quiz creation guides, and fun videos on Sporcle TV.

Show Comments

Extras

Created Oct 7, 2009ReportNominate
Tags:Seinfeld Quiz

Top Quizzes Today


Score Distribution

Paid Content

Your Account Isn't Verified!

In order to create a playlist on Sporcle, you need to verify the email address you used during registration. Go to your Sporcle Settings to finish the process.

Report this User

Report this user for behavior that violates our Community Guidelines.

Details: